Issuses in Gender and Culture in Nigeria (Record no. 2714)

MARC details
000 -LEADER
fixed length control field 00347nam a22001337a 4500
008 - FIXED-LENGTH DATA ELEMENTS--GENERAL INFORMATION
fixed length control field 250326b |||||||| |||| 00| 0 eng d
020 ## - INTERNATIONAL STANDARD BOOK NUMBER
ISBN 9789783689207
100 ## - MAIN ENTRY--AUTHOR
Author EVWIERHOMA Mabel
245 ## - TITLE STATEMENT
Title Issuses in Gender and Culture in Nigeria
260 ## - PUBLICATION, DISTRIBUTION, ETC. (IMPRINT)
Place of publication Nigeria
Name of publisher Concept Publication
Date of publication 2002
300 ## - COLLATION
Pagination xi, 134
942 ## - ADDED ENTRY ELEMENTS (KOHA)
Item type Books
050 ## - LIBRARY OF CONGRESS CALL NUMBER
Classification number P240
Item number .E38
Holdings
Source of classification or shelving scheme Not for loan Permanent location Current location Date acquired Accession No. Full call number Barcode. Koha item type
Library of Congress Classification   Samuel Ogbemudia Main Library, University of Abuja Samuel Ogbemudia Main Library, University of Abuja 03/26/2025 2016/46840 P240.E38 2025-1012 Books